[Event "Championnat de France des Jeunes - Minim"]
[Site "LA ROCHE SUR YON"]
[Date "2008.04.21"]
[Round "3.2"]
[White "Dionisi, Thomas"]
[Black "Song, Julien"]
[Result "0-1"]
[WhiteElo "2042"]
[BlackElo "2214"]
[PlyCount "68"]

1. e4 e6 2. d4 d5 3. Nc3 Nf6 4. e5 Nfd7 5. f4 c5 6. Nf3 Nc6 7. Be3 a6 8. Qd2 b5
9. dxc5 Bxc5 10. O-O-O Qb6 11. Bxc5 Nxc5 12. Nd4 b4 13. Nce2 Ne4 14. Qe1 Bb7
15. h4 a5 16. Nxc6 Bxc6 17. Nd4 O-O 18. Nxc6 Qxc6 19. Bd3 Rfc8 20. Rh3 a4 21.
Kb1 a3 22. Bxe4 dxe4 23. Qe2 axb2 24. Rb3 Ra3 25. Rxb2 Rc3 26. Qd2 h6 27. h5 e3
28. Qe2 Qe4 29. g3 Kh7 30. Kc1 R8c4 31. Rd8 Rd4 32. Rxd4 Qxd4 33. Kb1 Qd2 34.
Qf3 Qe1+ 0-1

[Event "Championnat de France des Jeunes - Minim"]
[Site "LA ROCHE SUR YON"]
[Date "2008.04.21"]
[Round "3.3"]
[White "Massoni, Michael"]
[Black "Mahiouz, Oualid"]
[Result "1-0"]
[WhiteElo "2176"]
[BlackElo "2010"]
[PlyCount "67"]

1. e4 c5 2. Nf3 e6 3. d4 cxd4 4. Nxd4 a6 5. Bd3 Nf6 6. O-O Qc7 7. Qe2 d6 8. c4
Nc6 9. Be3 Be7 10. Nc3 Ne5 11. Rac1 O-O 12. h3 b6 13. Bb1 Bb7 14. b3 Rac8 15.
f4 Ned7 16. Kh1 Rfe8 17. Nf3 Qb8 18. Bg1 b5 19. cxb5 axb5 20. Qxb5 Qa8 21. Qe2
Ba6 22. Bd3 Bxd3 23. Qxd3 Nc5 24. Bxc5 dxc5 25. Ng5 h6 26. e5 hxg5 27. exf6
Bxf6 28. Ne4 Bd4 29. fxg5 Qd5 30. Qf3 Rf8 31. Qg4 c4 32. bxc4 Rxc4 33. Rxc4
Qxc4 34. Nf6+ 1-0

[Event "Championnat de France des Jeunes - Minim"]
[Site "LA ROCHE SUR YON"]
[Date "2008.04.21"]
[Round "3.4"]
[White "Buscara, Sevan"]
[Black "Hutois, Mickael"]
[Result "1-0"]
[WhiteElo "2146"]
[BlackElo "2002"]
[PlyCount "59"]

1. d4 d5 2. Nf3 Nf6 3. Bg5 e6 4. e3 Be7 5. Bd3 O-O 6. Nbd2 b6 7. Ne5 Bb7 8. O-O
c5 9. c3 Nbd7 10. Qb1 h6 11. Bh4 Nxe5 12. dxe5 Nd7 13. Bg3 f5 14. exf6 Bxf6 15.
e4 d4 16. cxd4 cxd4 17. Nc4 Nc5 18. Nd6 Ba6 19. Bxa6 Nxa6 20. e5 Be7 21. Qd3
Nb4 22. Qc4 Nd5 23. Qxd4 h5 24. h3 h4 25. Bh2 Bg5 26. f4 Bh6 27. Kh1 g6 28.
Rad1 Qe7 29. Qe4 Qg7 30. Rf3 1-0

[Event "Championnat de France des Jeunes - Minim"]
[Site "LA ROCHE SUR YON"]
[Date "2008.04.21"]
[Round "3.5"]
[White "Martin, Cedric"]
[Black "Billon, Olivier"]
[Result "1-0"]
[WhiteElo "2125"]
[BlackElo "1988"]
[PlyCount "67"]

1. e4 c5 2. Nf3 Nc6 3. d4 cxd4 4. Nxd4 Nf6 5. Nc3 e5 6. Ndb5 d6 7. Bg5 a6 8.
Na3 b5 9. Nd5 Be7 10. Bxf6 Bxf6 11. c3 Bg5 12. Nc2 Rb8 13. Bd3 O-O 14. h4 Bh6
15. Ncb4 Nxb4 16. Nxb4 Bb7 17. Bc2 a5 18. Nd5 b4 19. c4 Kh8 20. Qd3 Bc8 21. Qe2
Be6 22. Rd1 Qc8 23. b3 Rb7 24. f3 Bxd5 25. Rxd5 Qc7 26. g3 Qb6 27. Qd3 Rd8 28.
Ke2 Rc7 29. Rd1 Rc6 30. Rxe5 a4 31. Rb5 Qxb5 32. cxb5 Rc3 33. Qxc3 bxc3 34.
bxa4 1-0

[Event "Championnat de France des Jeunes - Minimettes"]
[Site "LA ROCHE SUR YON"]
[Date ""]
[Round "3.1"]
[White "Rambourg, Juliette"]
[Black "Forgues, Valerie"]
[Result "0-1"]
[WhiteElo "1811"]
[BlackElo "1970"]
[Annotator ""]

1. c4 e5 2. g3 Nc6 3. Bg2 Bc5 4. Nc3 Nf6 5. a3 a6 6. e3 d6 7. Nge2 Bg4
8. O-O Qd7 9. b4 Ba7 10. Bb2 O-O 11. Rc1 Rfe8 12. Re1 e4 13. Qc2 Bf3
14. d3 exd3 15. Qxd3 Ne5 16. Qc2 Bxg2 17. Kxg2 Nxc4 18. Nd5 Nxd5 19.
Qxc4 c6 20. Qh4 Qf5 21. Rc4 Ne7 22. Rf4 Qd5+ 23. e4 Qe6 24. Qh5 Ng6
25. Rg4 Qa2 26. Bc3 Qc2 27. Qf5 d5 28. h4 Rxe4 29. h5 Rxe2 30. Qxc2
Rxc2 31. hxg6 Rxc3 32. gxf7+ Kxf7 33. Rf4+ Kg8 34. Re7 Rf8 35. Rg4
Rxf2+ 36. Kh3 g6 37. Rh4 Rf7 38. Rxf7 Kxf7 39. Rxh7+ Kf6 40. Rh4 Bb8
0-1

[Event "Championnat de France des Jeunes - Minim"]
[Site "LA ROCHE SUR YON"]
[Date "2008.04.21"]
[Round "3.2"]
[White "Lefevre, Margaux"]
[Black "Saucey, Capucine"]
[Result "1-0"]
[WhiteElo "1968"]
[BlackElo "1780"]
[PlyCount "135"]

1. e4 e5 2. Nf3 Nc6 3. d4 exd4 4. Nxd4 Bc5 5. Nxc6 Qf6 6. Qd2 dxc6 7. Nc3 Bb4
8. Bd3 Bd7 9. O-O Bxc3 10. Qxc3 Qxc3 11. bxc3 Ne7 12. Rb1 b6 13. Bf4 O-O-O 14.
Rfd1 Ng6 15. Bg5 f6 16. Be3 Rhe8 17. f3 Ne5 18. Bf1 Be6 19. a4 Bc4 20. Bxc4
Nxc4 21. Rxd8+ Rxd8 22. Kf2 Nxe3 23. Kxe3 Rd6 24. f4 Kd7 25. h4 Ke6 26. g4 h6
27. Rg1 Kf7 28. g5 hxg5 29. hxg5 Rd7 30. g6+ Ke6 31. f5+ Ke5 32. Rh1 Rd8 33. a5
c5 34. Rh7 Rg8 35. a6 b5 36. Kf3 c4 37. Ke3 c5 38. Rh1 Kd6 39. Kf4 Re8 40. Rd1+
Kc6 41. Re1 Re5 42. Rh1 Re7 43. Rh8 Kd6 44. Rd8+ Kc6 45. Rb8 Rd7 46. Ke3 Re7
47. Kf4 Rd7 48. Rf8 Kd6 49. Re8 Re7 50. Rb8 Kc6 51. Rf8 Kd6 52. Rb8 Kc6 53. Rb7
Rxb7 54. axb7 Kxb7 55. e5 fxe5+ 56. Ke3 b4 57. Kd2 b3 58. cxb3 cxb3 59. f6 e4
60. fxg7 e3+ 61. Kxe3 b2 62. g8=Q b1=Q 63. Qd5+ Kc7 64. Qxc5+ Kd8 65. Qd5+ Kc7
66. Qc4+ Kd8 67. Qd4+ Kc8 68. Qc4+ 1-0

[Event "Championnat de France des Jeunes - Minim"]
[Site "LA ROCHE SUR YON"]
[Date "2008.04.21"]
[Round "3.3"]
[White "Thuret, Marine"]
[Black "Jeannerot, Lea"]
[Result "0-1"]
[WhiteElo "1765"]
[BlackElo "1946"]
[PlyCount "115"]

1. e4 e5 2. Nc3 Bc5 3. g3 Nc6 4. Bg2 d6 5. Na4 Bb6 6. Nxb6 axb6 7. d3 Nf6 8.
Ne2 Bg4 9. c3 Qd7 10. Be3 Bh3 11. O-O h5 12. Kh1 Bxg2+ 13. Kxg2 h4 14. Rh1 h3+
15. Kf1 Qe6 16. b3 Ng4 17. Qd2 d5 18. f3 Qf6 19. Ng1 Nxe3+ 20. Qxe3 d4 21. Qd2
dxc3 22. Qxc3 Rc8 23. f4 Nd4 24. Ke1 exf4 25. Ne2 Nf3+ 26. Kd1 Qxc3 27. Nxc3
fxg3 28. hxg3 Rd8 29. Ke2 Nd4+ 30. Kd2 Rd6 31. Ne2 Ne6 32. Ke3 c5 33. Nf4 Nxf4
34. gxf4 Rg6 35. Rag1 Rxg1 36. Rxg1 h2 37. Rh1 Rh3+ 38. Ke2 f6 39. Kf2 Ke7 40.
Kg2 Rxd3 41. Rxh2 Re3 42. Rh8 Rxe4 43. Rb8 Rxf4 44. Rxb7+ Kd6 45. Rxg7 Rd4 46.
Ra7 Ke5 47. Rb7 Rb4 48. Kf3 Ke6 49. Ke3 f5 50. Kf3 Ke5 51. Rf7 Rf4+ 52. Ke3 Rb4
53. Kf3 f4 54. Rf8 Kd5 55. Rf5+ Kc6 56. Rxf4 Rxf4+ 57. Kxf4 Kb5 58. Ke4 0-1

[Event "Championnat de France des Jeunes - Minim"]
[Site "LA ROCHE SUR YON"]
[Date "2008.04.21"]
[Round "3.4"]
[White "Armas, Lena"]
[Black "Hourlier, Claire"]
[Result "0-1"]
[WhiteElo "1748"]
[BlackElo "1907"]
[PlyCount "96"]

1. e4 c5 2. Nf3 Nc6 3. Bc4 g6 4. d3 Bg7 5. c3 e6 6. O-O Nge7 7. Re1 d5 8. exd5
exd5 9. Bb3 O-O 10. Bg5 Qc7 11. h3 Be6 12. Qd2 Nf5 13. Bf4 Qc8 14. Na3 a6 15.
Ng5 Qd7 16. Re2 Rae8 17. Rae1 h6 18. Nxe6 Rxe6 19. Rxe6 fxe6 20. Bd1 Kh7 21.
Bg4 b5 22. Nc2 d4 23. Bxf5 gxf5 24. cxd4 cxd4 25. Nb4 Nxb4 26. Qxb4 Re8 27. Be5
Qd5 28. Bxg7 Kxg7 29. Rc1 Kf6 30. Qc5 Qxc5 31. Rxc5 e5 32. Kf1 Re6 33. g4 fxg4
34. hxg4 Kg5 35. f3 Kf4 36. Kf2 Rg6 37. Rd5 Rc6 38. Ke1 Kxf3 39. Rxe5 Kxg4 40.
Re4+ Kf3 41. Kd2 Rd6 42. Kc2 h5 43. Kb3 Kg3 44. Kb4 h4 45. Kc5 Rh6 46. Kxd4 h3
47. Re8 Rh4+ 48. Ke3 h2 0-1

[Event "Championnat de France des Jeunes - Minim"]
[Site "LA ROCHE SUR YON"]
[Date "2008.04.21"]
[Round "3.5"]
[White "Chesa, Marie"]
[Black "Soubirou, Oriane"]
[Result "0-1"]
[WhiteElo "1690"]
[BlackElo "1820"]
[PlyCount "100"]

1. e4 c5 2. Nf3 d6 3. d4 cxd4 4. Nxd4 Nf6 5. Nc3 a6 6. Be2 b5 7. f3 Bb7 8. Bd3
e6 9. Be3 Nbd7 10. O-O Rc8 11. a3 Qc7 12. Rc1 Be7 13. Qd2 O-O 14. Bg5 Rfe8 15.
Rfe1 Nc5 16. Kh1 Qb8 17. f4 Qa8 18. e5 dxe5 19. fxe5 Nfe4 20. Nxe4 Nxe4 21.
Bxe4 Bxe4 22. Bxe7 Rxe7 23. Qe2 Bg6 24. c3 Rec7 25. Qf3 Qa7 26. Re3 Qxd4 27.
Rd1 Qa7 28. h3 h6 29. Re2 Qc5 30. Rd4 a5 31. Kh2 b4 32. axb4 axb4 33. Rxb4 Qe7
34. Rd4 Rd7 35. Red2 Rxd4 36. Rxd4 Qc7 37. Qe3 Rb8 38. Rd2 Rb5 39. Re2 Qb8 40.
b4 Qc7 41. Re1 f6 42. g3 Rxe5 43. Qd2 Rxe1 44. Qxe1 Qc4 45. b5 Qxb5 46. Qxe6+
Kh7 47. c4 Qb2+ 48. Kg1 Qd4+ 49. Kh2 Qf2+ 50. Kh1 Qf3+ 0-1

[Event "Championnat de France des Jeunes - Benjamins"]
[Site "LA ROCHE SUR YON"]
[Date ""]
[Round "3.1"]
[White "Lagarde, Maxime"]
[Black "Cabanes, Kim"]
[Result "1-0"]
[WhiteElo "2308"]
[BlackElo "1939"]
[Annotator ""]

1. e4 e5 2. Nf3 Nc6 3. d4 exd4 4. Nxd4 Bb4+ 5. c3 Be7 6. g3 d5 7. Bg2
dxe4 8. Nxc6 Qxd1+ 9. Kxd1 bxc6 10. Bxe4 Bd7 11. h3 Nf6 12. Bd3 O-O-O
13. Kc2 Bc5 14. Rh2 h6 15. Nd2 Rhe8 16. Nb3 Bd6 17. Na5 Ne4 18. Be3
Kb8 19. Nc4 Bf5 20. Rd1 Bc8 21. Rhh1 c5 22. Na5 Bd7 23. Rhe1 Ka8 24.
Bc4 f5 25. Bd5+ Kb8 26. Nc6+ Bxc6 27. Bxc6 Rf8 28. b4 cxb4 29. Rd5
Nxc3 30. Ra5 Bc5 31. Bxc5 Rf6 32. Bf3 Nd5 33. Bxa7+ Kb7 34. Bxd5+ c6
35. Re7+ Kc8 36. Be3 Rh8 37. Bc1 1-0

[Event "Championnat de France des Jeunes - Benja"]
[Site "LA ROCHE SUR YON"]
[Date "2008.04.21"]
[Round "3.2"]
[White "Rakotoniaina, Erwin"]
[Black "Moussard, Jules"]
[Result "0-1"]
[WhiteElo "1920"]
[BlackElo "2283"]
[PlyCount "94"]

1. e4 c5 2. Nf3 d6 3. d4 cxd4 4. Nxd4 Nf6 5. Nc3 g6 6. Bc4 Bg7 7. f3 O-O 8. Be3
Nc6 9. Nxc6 bxc6 10. O-O Bb7 11. Qd2 d5 12. exd5 cxd5 13. Bb3 Qd7 14. Rfe1 e5
15. Bh6 d4 16. Ne4 Bxe4 17. Bxg7 Kxg7 18. fxe4 a5 19. Bc4 Qc6 20. Qd3 Rac8 21.
b3 Qc5 22. h3 Nd7 23. Rf1 Nb6 24. Ba6 Rc7 25. Rf2 f6 26. Raf1 Qb4 27. a4 Nd7
28. Bc4 Nc5 29. Qe2 Nxa4 30. g4 Nc3 31. Qd3 Qb7 32. g5 Nxe4 33. gxf6+ Rxf6 34.
Rxf6 Nxf6 35. Qe2 Re7 36. Qf2 Qc6 37. Bb5 Qd6 38. Qd2 Qb6 39. Qf2 e4 40. Bc4 e3
41. Qf4 e2 42. Re1 d3+ 43. Kh2 Re4 44. Qd2 Qf2+ 45. Kh1 Rh4 46. Be6 Ne4 47.
Qxa5 Ng3# 0-1

[Event "Championnat de France des Jeunes - Benja"]
[Site "LA ROCHE SUR YON"]
[Date "2008.04.21"]
[Round "3.3"]
[White "Sochacki, Christophe"]
[Black "Peyre, Thomas"]
[Result "1-0"]
[WhiteElo "2185"]
[BlackElo "1911"]
[PlyCount "107"]

1. e4 e6 2. Nf3 d5 3. e5 c5 4. b4 cxb4 5. d4 Bd7 6. Bd3 Ne7 7. a3 Nbc6 8. O-O
Qb6 9. Be3 Nf5 10. Bxf5 exf5 11. axb4 Bxb4 12. c3 Be7 13. c4 Be6 14. Nc3 Nb4
15. Qa4+ Qc6 16. Rfb1 Qxa4 17. Rxa4 a5 18. cxd5 Nxd5 19. Nxd5 Bxd5 20. Rb5 Bc6
21. Rbxa5 Rd8 22. Ra1 O-O 23. Ra7 Bxf3 24. gxf3 f4 25. Bxf4 Rxd4 26. Bg3 Rb4
27. Rc1 Bg5 28. Rc7 f5 29. exf6 Bxf6 30. Kg2 Rb3 31. Raxb7 Rxb7 32. Rxb7 Re8
33. Bd6 Bd4 34. f4 Bf6 35. Kf3 Bd4 36. Kg4 Bf6 37. Kf5 Bc3 38. Be5 Bxe5 39.
fxe5 Rf8+ 40. Ke6 Re8+ 41. Kd6 Rd8+ 42. Rd7 Rc8 43. e6 h6 44. e7 Re8 45. Rd8
Kf7 46. Rxe8 Kxe8 47. Ke6 g5 48. Kf6 g4 49. Ke6 h5 50. Kf6 h4 51. Kg5 g3 52.
fxg3 hxg3 53. hxg3 Kxe7 54. Kg6 1-0

[Event "Championnat de France des Jeunes - Benja"]
[Site "LA ROCHE SUR YON"]
[Date "2008.04.21"]
[Round "3.4"]
[White "Feryn, Benjamin"]
[Black "Adeimi, Michel"]
[Result "1-0"]
[WhiteElo "1899"]
[BlackElo "2110"]
[PlyCount "72"]

1. e4 e5 2. Nc3 Nc6 3. Bc4 Bc5 4. Qg4 Qf6 5. Nd5 Qxf2+ 6. Kd1 Kd8 7. Nh3 Qd4 8.
d3 Nf6 9. Nxf6 gxf6 10. Bh6 Ke7 11. Qg7 d5 12. c3 Qxc4 13. dxc4 dxc4 14. Kc2
Bxh3 15. Rhf1 Be6 16. Qxf6+ Kd7 17. Rad1+ Bd6 18. Be3 Rhg8 19. g3 b6 20. b4
cxb3+ 21. axb3 a5 22. Qf2 a4 23. b4 Rgf8 24. Kb2 Rab8 25. Ka3 Na5 26. Rxd6+
cxd6 27. bxa5 bxa5 28. Bb6 Rfc8 29. Rc1 Rc6 30. Bxa5 Rb3+ 31. Kxa4 Rb7 32. Qf6
Bb3+ 33. Ka3 Ra6 34. Qd8+ Ke6 35. Qc8+ Kf6 36. Qxb7 Bc4 1-0

[Event "Championnat de France des Jeunes - Benja"]
[Site "LA ROCHE SUR YON"]
[Date "2008.04.21"]
[Round "3.5"]
[White "Lemeille, Francois"]
[Black "Ozenne, Corentin"]
[Result "1-0"]
[WhiteElo "2090"]
[BlackElo "1881"]
[PlyCount "83"]

1. e4 c5 2. Nf3 e6 3. d4 cxd4 4. Nxd4 Nf6 5. Nc3 d6 6. g3 Nc6 7. Bg2 Be7 8. O-O
O-O 9. Be3 a6 10. a4 Qc7 11. h3 Bd7 12. Nb3 Ne5 13. Nd2 Rfc8 14. f4 Nc4 15.
Nxc4 Qxc4 16. e5 Ne8 17. Bxb7 d5 18. Bxa8 Bc5 19. Bxc5 Qxc5+ 20. Kh2 Rxa8 21.
Qd2 d4 22. Ne2 Bc6 23. Nxd4 Rd8 24. c3 Nc7 25. Qf2 Ba8 26. Rac1 Nd5 27. b4 Qc4
28. Qe2 Qc8 29. b5 axb5 30. axb5 Nxc3 31. Qe3 Qb7 32. Nc6 Nxb5 33. Rf2 Rd7 34.
Rfc2 g6 35. g4 Rc7 36. f5 Rxc6 37. Rxc6 Na7 38. R6c2 f6 39. exf6 Qb8+ 40. Rc7
Qb2+ 41. R1c2 Qe5+ 42. Qxe5 1-0

[Event "Championnat de France des Jeunes - Benjamines"]
[Site "LA ROCHE SUR YON"]
[Date ""]
[Round "3.1"]
[White "Tabard, Anja"]
[Black "Aflalo, Sophie"]
[Result "0-1"]
[WhiteElo "1660"]
[BlackElo "1959"]
[Annotator ""]

1. e4 c5 2. Nc3 Nc6 3. f4 g6 4. Nf3 Bg7 5. Bc4 e6 6. e5 d5 7. Bb5 Bd7
8. d4 b6 9. Be3 c4 10. b3 Na5 11. Bd2 a6 12. Bxd7+ Qxd7 13. Na4 Qb5
14. Bxa5 Qxa5+ 15. Qd2 Qb5 16. O-O Ne7 17. Rab1 Rb8 18. a3 O-O 19. Qb4
Qxb4 20. axb4 Rfc8 21. Rfc1 Bf8 22. bxc4 Rxc4 23. c3 Rc6 24. Kf2 Nc8
25. Nd2 Na7 26. Rb3 Nb5 27. Ke3 Rbc8 28. Nb1 f6 29. Kd3 Kf7 30. g4 Bh6
31. Rf1 fxe5 32. fxe5+ Ke7 33. h4 Rf8 34. Rxf8 Bxf8 35. Na3 Kd7 36.
Nxb5 axb5 37. Nb2 Rc7 38. Ra3 Kc6 39. Ke3 Kb7 40. Nd3 g5 41. hxg5 Be7
42. Kf3 Bxg5 43. Nf4 Rf7 0-1

[Event "Championnat de France des Jeunes - Benja"]
[Site "LA ROCHE SUR YON"]
[Date "2008.04.21"]
[Round "3.2"]
[White "Neuhauser, Salome"]
[Black "Lenoel, Marine"]
[Result "1/2-1/2"]
[WhiteElo "1945"]
[BlackElo "1641"]
[PlyCount "79"]

1. e4 e5 2. Nf3 Nc6 3. Bc4 Bc5 4. c3 Nf6 5. d4 exd4 6. cxd4 Bb4+ 7. Nc3 Nxe4 8.
O-O Bxc3 9. d5 Ba5 10. dxc6 bxc6 11. Qa4 Bb6 12. Bxf7+ Kxf7 13. Qxe4 Rf8 14.
Ng5+ Kf6 15. Nxh7+ Kf7 16. Nxf8 Kxf8 17. Be3 d5 18. Qg6 Qd6 19. Qxd6+ cxd6 20.
Bxb6 axb6 21. a3 c5 22. b4 d4 23. Rfd1 Bf5 24. bxc5 dxc5 25. Kf1 d3 26. g4 Be4
27. f3 Bxf3 28. Rxd3 Bxg4 29. Rb3 Ra6 30. Rab1 Bf5 31. R1b2 g6 32. Rxb6 Rxa3
33. Rc6 Bd3+ 34. Kf2 c4 35. Rb8+ Kg7 36. Rbc8 Kh6 37. Rc5 Ra7 38. Kg3 Re7 39.
R8c6 Re3+ 40. Kf4 1/2-1/2

[Event "Championnat de France des Jeunes - Benja"]
[Site "LA ROCHE SUR YON"]
[Date "2008.04.21"]
[Round "3.3"]
[White "Gan, Grace"]
[Black "Eid, Maha"]
[Result "0-1"]
[WhiteElo "1600"]
[BlackElo "1942"]
[PlyCount "74"]

1. d4 Nf6 2. Nf3 e6 3. c3 b6 4. Nbd2 Bb7 5. e3 c5 6. Bd3 Nc6 7. O-O Be7 8. Qe2
d6 9. c4 O-O 10. b3 Qc7 11. Bb2 Rae8 12. Rfe1 Bd8 13. Bc2 Nb4 14. Bb1 Nc6 15.
a3 a5 16. Bc2 h6 17. h3 Na7 18. Rad1 e5 19. d5 e4 20. Nh2 b5 21. Ng4 Nxg4 22.
Qxg4 f5 23. Qe2 b4 24. a4 Bf6 25. Bc1 Qe7 26. Kh1 Be5 27. g3 Bc8 28. Kg2 Qg5
29. h4 Qe7 30. Nf1 Qf6 31. Qh5 Kh7 32. Nh2 Re7 33. f4 Bc3 34. Rg1 Bd7 35. Bd2
Bxd2 36. Rxd2 Qc3 37. Re2 g6 0-1

[Event "Championnat de France des Jeunes - Benja"]
[Site "LA ROCHE SUR YON"]
[Date "2008.04.21"]
[Round "3.4"]
[White "Haussernot, Cecile"]
[Black "Alonso, Audrey"]
[Result "1-0"]
[WhiteElo "1864"]
[BlackElo "1530"]
[PlyCount "64"]

1. e4 e5 2. Nf3 Nc6 3. Bb5 a6 4. Ba4 Nf6 5. O-O b5 6. Bb3 Be7 7. Re1 d6 8. c3
Bg4 9. h3 Bh5 10. d3 O-O 11. Nbd2 Na5 12. Bc2 c5 13. Nf1 Rb8 14. Bg5 Nc6 15.
Ne3 Nd7 16. Bxe7 Nxe7 17. g4 Bg6 18. Bb3 Kh8 19. h4 f6 20. h5 Bf7 21. Bxf7 Rxf7
22. Qb3 Qg8 23. Nh4 g6 24. Qe6 Nc8 25. hxg6 hxg6 26. Kg2 Rg7 27. Nxg6+ Rxg6 28.
Rh1+ Kg7 29. Qxd7+ Kf8 30. Rh7 Rg7 31. Rxg7 Qxg7 32. Qd8+ Kf7 1-0

[Event "Championnat de France des Jeunes - Benja"]
[Site "LA ROCHE SUR YON"]
[Date "2008.04.21"]
[Round "3.5"]
[White "Guo, Charlotte"]
[Black "Dufour, Celine"]
[Result "1-0"]
[WhiteElo "1700"]
[BlackElo "1490"]
[PlyCount "99"]

1. e4 e5 2. Nf3 Nc6 3. Bc4 Bc5 4. c3 Bb6 5. d4 exd4 6. cxd4 Ba5+ 7. Nc3 Nge7 8.
O-O d6 9. d5 Ne5 10. Nxe5 dxe5 11. Qa4+ Bd7 12. Qxa5 O-O 13. f4 Ng6 14. Qb4 Rb8
15. fxe5 Nxe5 16. Bf4 Nxc4 17. Qxc4 Rc8 18. Qd4 Re8 19. Rf3 Qe7 20. Rg3 g6 21.
Bh6 Qe5 22. Qxe5 Rxe5 23. Rf1 Rh5 24. Be3 a6 25. Rg5 Rxg5 26. Bxg5 Re8 27. Bf4
Rc8 28. e5 Bf5 29. Kf2 Kf8 30. d6 cxd6 31. exd6 Ke8 32. Re1+ Be6 33. Rc1 Kd7
34. Ne4 Rxc1 35. Bxc1 Bxa2 36. Bf4 Be6 37. Nf6+ Kc6 38. Nxh7 b5 39. Ng5 Bd5 40.
Nf3 f6 41. Nd4+ Kd7 42. h4 Bc4 43. b4 Bd5 44. g3 Bf7 45. Ke3 Bd5 46. Nc2 Be6
47. Kd4 Kc6 48. Ne3 Bf7 49. Ng4 f5 50. Ne5+ 1-0

[Event "Championnat de France des Jeunes - Pupilles"]
[Site "LA ROCHE SUR YON"]
[Date ""]
[Round "3.1"]
[White "Giroyan, Gary"]
[Black "Bigonnet, Jean-Michel"]
[Result "1-0"]
[WhiteElo "2047"]
[BlackElo "1755"]
[Annotator ""]

1. e4 c5 2. Nf3 Nc6 3. d4 cxd4 4. Nxd4 e5 5. Nb5 d6 6. N1c3 a6 7. Na3
b5 8. Nd5 Nge7 9. c4 Nd4 10. Bd3 Nxd5 11. cxd5 Be7 12. O-O f5 13. f4
O-O 14. Nc2 Nxc2 15. Qxc2 Bb7 16. Be3 exf4 17. Bxf4 Bg5 18. exf5 Bxf4
19. Rxf4 Rc8 20. Qf2 Bxd5 21. Rd4 Bc4 22. Be4 d5 23. Bf3 Rxf5 24. b3
Qf6 25. Rad1 Rf8 26. bxc4 dxc4 27. Qe3 g5 28. h3 Rf4 29. Rd6 Qg7 30.
Kh2 Kh8 31. R1d5 Qb2 32. Rd2 Qg7 33. Rxa6 Qc7 34. Rad6 c3 35. Qe5+ Qg7
36. Qxg7+ Kxg7 37. Rc2 Rc4 38. a3 Rfc8 39. Rb6 R4c5 40. Be2 Rd5 41.
Rxb5 Rd2 42. Rxd2 cxd2 43. Rd5 Ra8 44. Rxg5+ Kf6 45. Rd5 Rxa3 46. Rxd2
Kg7 47. Bf3 Ra4 48. g4 Ra3 49. Kg3 Ra4 50. h4 Ra3 51. Kf4 Ra7 52. Rd5
Rf7+ 53. Rf5 Rc7 54. Be4 Rc4 55. Rd5 Rc7 56. Rd6 Rc4 57. Rd7+ Kg8 58.
Rxh7 Rxe4+ 59. Kxe4 Kxh7 1-0

[Event "Championnat de France des Jeunes - Pupil"]
[Site "LA ROCHE SUR YON"]
[Date "2008.04.21"]
[Round "3.2"]
[White "Bayart, Jules"]
[Black "Lamard, Guillaume"]
[Result "0-1"]
[WhiteElo "1740"]
[BlackElo "2024"]
[PlyCount "90"]

1. e4 c5 2. c3 d5 3. exd5 Qxd5 4. d4 Nf6 5. Nf3 Bg4 6. Be2 Nc6 7. O-O e6 8. Be3
cxd4 9. cxd4 Be7 10. Nc3 Qd6 11. Rc1 O-O 12. Qd2 Rac8 13. Rfd1 Rfd8 14. h3 Bh5
15. Bf4 Qb4 16. a3 Qb3 17. Qe3 Qb6 18. b4 a6 19. Na4 Qa7 20. Nc5 Nd5 21. Qd2
Nxf4 22. Qxf4 h6 23. Qe4 Bf6 24. d5 Bg6 25. Qc4 exd5 26. Rxd5 Rxd5 27. Qxd5 Rd8
28. Qb3 Qb6 29. Bd3 Bxd3 30. Nxd3 Nd4 31. Nxd4 Bxd4 32. Nc5 Rc8 33. Qd5 Qf6 34.
Qa2 Qg5 35. Qb1 Bxc5 36. bxc5 Rxc5 37. Re1 Re5 38. Rc1 Re8 39. Rc7 b5 40. Rc6
a5 41. Rb6 Qd2 42. Kh2 Qxf2 43. Rxb5 Qf4+ 44. Kh1 Qg3 45. Rf5 Re1+ 0-1

[Event "Championnat de France des Jeunes - Pupil"]
[Site "LA ROCHE SUR YON"]
[Date "2008.04.21"]
[Round "3.3"]
[White "Messinger, Karl"]
[Black "Valente, Alexandre"]
[Result "1/2-1/2"]
[WhiteElo "1715"]
[BlackElo "1910"]
[PlyCount "66"]

1. e4 c5 2. Nf3 d6 3. Bb5+ Nd7 4. c3 Ngf6 5. Qe2 a6 6. Ba4 b5 7. Bc2 e6 8. O-O
Be7 9. h3 O-O 10. d4 Bb7 11. Rd1 cxd4 12. cxd4 Qc7 13. Bd3 Rfc8 14. Nbd2 Nb6
15. b3 Qd7 16. Bb2 Rc7 17. Nf1 Rac8 18. Ng3 d5 19. e5 Ne8 20. Nh2 Rc6 21. Rac1
Rxc1 22. Rxc1 Rxc1+ 23. Bxc1 Qc7 24. Qc2 Qxc2 25. Bxc2 a5 26. a3 a4 27. b4 Nc4
28. Bd3 f6 29. f4 fxe5 30. fxe5 Bc6 31. Nf3 Nc7 32. Kf2 Ne8 33. Ke2 g6 1/2-1/2

[Event "Championnat de France des Jeunes - Pupil"]
[Site "LA ROCHE SUR YON"]
[Date "????.??.21"]
[Round "3.4"]
[White "Purenne, Benoit"]
[Black "Laverdet, Tristan"]
[Result "1-0"]
[WhiteElo "1877"]
[BlackElo "1720"]
[PlyCount "43"]

1. e4 c6 2. d4 d5 3. Nc3 dxe4 4. Nxe4 Bf5 5. Ng3 Bg6 6. Nf3 Nd7 7. h4 h6 8. Be3
Ngf6 9. Bd3 Bxd3 10. Qxd3 Qc7 11. c4 e6 12. O-O Bd6 13. Ne2 O-O-O 14. Qb3 g5
15. g3 gxh4 16. c5 hxg3 17. cxd6 gxf2+ 18. Rxf2 Qb8 19. Ne5 Rh7 20. Rc1 Nxe5
21. dxe5 Ng4 22. Rxf7 1-0

[Event "Championnat de France des Jeunes - Pupil"]
[Site "LA ROCHE SUR YON"]
[Date "????.??.21"]
[Round "3.5"]
[White "Kambrath, Yannick"]
[Black "Mirimanian, Haik"]
[Result "1-0"]
[WhiteElo "1670"]
[BlackElo "1832"]
[PlyCount "96"]

1. e4 c5 2. Nf3 Nc6 3. d4 cxd4 4. Nxd4 d6 5. Nc3 g6 6. Be3 Bg7 7. Bc4 Nf6 8. h3
Bd7 9. Nde2 a6 10. a4 Rc8 11. Bb3 Na5 12. O-O O-O 13. Qd2 Nc4 14. Bxc4 Rxc4 15.
Ng3 Ne8 16. Nd5 Nf6 17. Nb6 Rc6 18. a5 Qc7 19. c3 Be6 20. Rfe1 Rd8 21. Rad1 Bb3
22. Rc1 d5 23. exd5 Nxd5 24. Qe2 Nxe3 25. Qxe3 Re6 26. Qf3 Rf6 27. Qe3 Re6 28.
Qf3 Be5 29. Ne2 Rf6 30. Qe3 Bd5 31. Rcd1 Bh2+ 32. Kh1 Re6 33. Qc1 Red6 34. Nxd5
Rxd5 35. Rxd5 Rxd5 36. f4 Bxf4 37. Qxf4 Qxa5 38. Qb8+ Kg7 39. Qxb7 Re5 40. Qb4
Qc7 41. c4 Kg8 42. Ng1 Rxe1 43. Qxe1 Qxc4 44. Qxe7 Qb5 45. b4 a5 46. Qd8+ Kg7
47. Qxa5 Qb7 48. b5 h5 1-0

[Event "Championnat de France des Jeunes - Pupillettes"]
[Site "LA ROCHE SUR YON"]
[Date ""]
[Round "3.1"]
[White "Rigolot, Lucie"]
[Black "Susini, Lisa"]
[Result "1-0"]
[WhiteElo "1723"]
[BlackElo "1520"]
[Annotator ""]

1. e4 e5 2. Nf3 Nc6 3. Bb5 a6 4. Ba4 Nf6 5. d3 Bc5 6. O-O d6 7. c3 O-O
8. Nbd2 Bg4 9. h3 Bh5 10. Re1 Re8 11. Nf1 h6 12. Ng3 Bxf3 13. Qxf3 b5
14. Bb3 Qd7 15. Bxh6 Qe7 16. Nf5 Qd8 17. Nxg7 Kh8 18. Nxe8 Qxe8 19.
Qxf6+ Kh7 20. Qg7# 1-0

[Event "Championnat de France des Jeunes - Pupil"]
[Site "LA ROCHE SUR YON"]
[Date "2008.04.21"]
[Round "3.2"]
[White "Le Guennec, Nolwen"]
[Black "Bellaiche, Elise"]
[Result "0-1"]
[WhiteElo "1510"]
[BlackElo "1714"]
[PlyCount "54"]

1. e4 e6 2. d4 d5 3. exd5 exd5 4. Bd3 Bd6 5. Qf3 Ne7 6. Ne2 Nd7 7. Bf4 Nf6 8.
Nd2 O-O 9. Nf1 Re8 10. Nfg3 Bg4 11. Qe3 Ng6 12. Be5 Nxe5 13. dxe5 Bxe5 14. Rb1
Bc3+ 15. Nxc3 Rxe3+ 16. fxe3 Qe7 17. Kd2 c5 18. b3 Rd8 19. Nb5 a6 20. Nc3 c4
21. Be2 d4 22. exd4 Rxd4+ 23. Ke1 Qe3 24. Nd1 Qd2+ 25. Kf2 Rf4+ 26. Kg1 Qe3+
27. Nf2 Qxf2# 0-1

[Event "Championnat de France des Jeunes - Pupil"]
[Site "LA ROCHE SUR YON"]
[Date "2008.04.21"]
[Round "3.3"]
[White "Rei-Rosa, Sophie"]
[Black "Fischer, Julie"]
[Result "1/2-1/2"]
[WhiteElo "1510"]
[BlackElo "1671"]
[PlyCount "98"]

1. d4 Nf6 2. Bf4 g6 3. e3 Bg7 4. Bd3 O-O 5. Nd2 d6 6. Qe2 Nc6 7. c3 Nd5 8. Bg3
e5 9. O-O-O exd4 10. exd4 Re8 11. Qf3 Be6 12. h4 Nf6 13. Be2 Bxa2 14. b3 Na5
15. Kb2 Bxb3 16. Nxb3 Nxb3 17. Kxb3 a5 18. Kc2 d5 19. Qf4 Ne4 20. f3 Nxg3 21.
Qxg3 Qd7 22. h5 Qa4+ 23. Kb2 Rxe2+ 24. Nxe2 Qb5+ 25. Kc2 Qxe2+ 26. Rd2 Qe7 27.
hxg6 fxg6 28. Re1 Qd7 29. Rde2 Qf5+ 30. Kb2 Qd7 31. Re7 Qb5+ 32. Kc2 c5 33. Qf4
Rf8 34. Qc7 Qa4+ 35. Kb2 Qb5+ 36. Ka3 Bf6 37. Qxb7 Qc4 38. Re8 Qxc3+ 39. Ka2
Qc4+ 40. Ka3 Qb4+ 41. Qxb4 axb4+ 42. Ka4 Rxe8 43. Rxe8+ Kf7 44. Rc8 Bxd4 45.
Rc7+ Ke6 46. Rxh7 g5 47. Rh5 Kf5 48. g3 Be3 49. f4 Bd2 1/2-1/2